| 000 | 00369nam a2200157Ia 4500 | ||
|---|---|---|---|
| 005 | 20251020182612.0 | ||
| 008 | 200515s9999 xx 000 0 und d | ||
| 082 | _aSC/674.21/I59-3P | ||
| 110 | _aInstituto Nacional de Aprendizaje | ||
| 245 | 0 | _aCarpinterÃa 3P | |
| 260 | _aSan José | ||
| 260 | _c1985 | ||
| 650 | _aCARPINTERIA | ||
| 650 | _aPUB INA | ||
| 942 | _cLIB | ||
| 999 |
_c3368 _d3368 |
||